000 00669nam a2200253Ia 4500
003 OSt
005 20221006140835.0
006 a|||||r|||| 00| 0
007 ta
008 221006b |||||||| |||| 00| 0 eng d
020 _c
_29.95
024 _a750
037 _b501, 14/09/2000, GBC
_cTextual
040 _aEASL
_cEASL
_beng
041 _2eng
_aeng
082 _aX8(A).42, M7
100 _aUNO Kimio
245 0 _aJapanese industrial performance
260 _aAmsterdam
_bNorth Holland
_c1987
300 _a439p.
_ccm.
490 _v JEL
942 _hX8(A).42, M7
_cTEXL
_2CC
999 _c1068836
_d1068836